[Event "IND-chT 42nd"]
[Site "Pollachi"]
[Date "2023.02.16"]
[Round "9.3"]
[White "Aronyak, Ghosh"]
[Black "Chandar, Raju"]
[Result "1-0"]
[WhiteElo "2530"]
[BlackElo "1917"]
[PlyCount "57"]
[EventDate "2023.02.10"]
[EventType "team-swiss"]
[EventRounds "9"]
[EventCountry "IND"]
[SourceTitle "CBM 212 Extra"]
[Source "ChessBase"]
[SourceDate "2023.03.31"]
[SourceVersion "1"]
[SourceVersionDate "2023.03.31"]
[SourceQuality "1"]
[WhiteTeam "RSPB"]
[BlackTeam "Kerala"]
[WhiteTeamCountry "IND"]
[BlackTeamCountry "IND"]

1. Nf3 Nf6 2. c4 b6 3. g3 Bb7 4. Bg2 g6 5. 0-0 Bg7 6. d4 0-0 7. d5 d6 8. Nc3 e5 9. e4 a5 10. Be3 Na6 11. Nd2 Nd7 12. f4 exf4 13. gxf4 f5 14. exf5 Rxf5 15. Nf3 Nac5 16. Qd2 Rf8 17. Rae1 Ba6 18. b3 Qf6 19. Nd4 Rae8 20. Ncb5 Rf7 21. Ne6 Rxe6 22. dxe6 Nxe6 23. Bd5 Ndf8 24. Rd1 Kh8 25. Nd4 Re7 26. f5 Nc5 27. Bg5 Qxd4+ 28. Qxd4 Bxd4+ 29. Rxd4 1-0

[Event "IND-chT 42nd"]
[Site "Pollachi"]
[Date "2023.02.15"]
[Round "8.3"]
[White "Chandar, Raju"]
[Black "Karthikeyan, Murali"]
[Result "0-1"]
[WhiteElo "1917"]
[BlackElo "2626"]
[PlyCount "76"]
[EventDate "2023.02.10"]
[EventType "team-swiss"]
[EventRounds "9"]
[EventCountry "IND"]
[SourceTitle "CBM 212 Extra"]
[Source "ChessBase"]
[SourceDate "2023.03.31"]
[SourceVersion "1"]
[SourceVersionDate "2023.03.31"]
[SourceQuality "1"]
[WhiteTeam "Kerala"]
[BlackTeam "PSPB"]
[WhiteTeamCountry "IND"]
[BlackTeamCountry "IND"]

1. e4 c5 2. Nf3 Nc6 3. Bb5 g6 4. 0-0 Bg7 5. d3 d6 6. Bxc6+ bxc6 7. Nc3 e5 8. Bd2 Ne7 9. Ne1 0-0 10. Rb1 f5 11. f4 exf4 12. Bxf4 fxe4 13. Nxe4 Bd4+ 14. Kh1 Nd5 15. c3 Be5 16. g3 Bxf4 17. gxf4 Ne3 18. Qe2 Nxf1 19. Qxf1 Bf5 20. Ng3 Qf6 21. Qf3 Be6 22. Qxc6 Qxf4 23. c4 Bg4 24. Qe4 Bh3 25. Ng2 Qf3 26. Qxf3 Rxf3 27. Ne4 Raf8 28. Kg1 Rxd3 29. Re1 h6 30. b3 Kg7 31. Nf2 Rxf2 32. Kxf2 Rd2+ 33. Kg3 Bxg2 34. Re7+ Kf6 35. Rxa7 g5 36. a4 Be4 37. a5 Rg2+ 38. Kh3 Rg1 0-1

[Event "IND-ch 59th"]
[Site "New Delhi"]
[Date "2022.12.27"]
[Round "6"]
[White "Krishnan, Ritvik"]
[Black "Chandar, Raju"]
[Result "1-0"]
[WhiteElo "2266"]
[BlackElo "1918"]
[PlyCount "99"]
[EventDate "2022.12.22"]
[EventType "swiss"]
[EventRounds "13"]
[EventCountry "IND"]
[SourceTitle "CBM 211 Extra"]
[Source "ChessBase"]
[SourceDate "2023.01.31"]
[SourceVersion "1"]
[SourceVersionDate "2023.01.31"]
[SourceQuality "1"]

1. e4 c5 2. Nf3 e6 3. g3 a6 4. Bg2 d6 5. d4 cxd4 6. Nxd4 Nf6 7. 0-0 Qc7 8. Re1 Be7 9. b3 0-0 10. c4 Nc6 11. Bb2 Nxd4 12. Bxd4 e5 13. Bb2 b5 14. Nd2 Bg4 15. Qc2 Rac8 16. Rac1 Nd7 17. h3 Be6 18. Qd3 Qa7 19. h4 f5 20. exf5 Bxf5 21. Be4 Qxf2+ 22. Kxf2 Bxe4+ 23. Ke3 Bxd3 24. Kxd3 bxc4+ 25. bxc4 Kf7 26. Nf3 Nc5+ 27. Ke3 Ke6 28. Rf1 Na4 29. Ba3 Nb6 30. Kd3 Nxc4 31. Rxc4 Rxc4 32. Kxc4 d5+ 33. Kb3 Rb8+ 34. Ka4 Bxa3 35. Kxa3 e4 36. Nd4+ Kd6 37. Rf7 Rb1 38. Rxg7 Rd1 39. Nf5+ Ke5 40. Rg5 Rb1 41. Ne7+ Kd4 42. Rxd5+ Ke3 43. Nf5+ Kf3 44. Re5 h5 45. Ka4 Re1 46. Ka5 Kg4 47. a4 Ra1 48. Nd6 Kxg3 49. Rxe4 Rf1 50. Kxa6 1-0

[Event "IND-ch U25"]
[Site "Calicut"]
[Date "2013.10.03"]
[Round "2"]
[White "Krishna Teja, N."]
[Black "Chandar, Raju"]
[Result "1-0"]
[WhiteElo "2185"]
[BlackElo "1865"]
[PlyCount "115"]
[EventDate "2013.10.02"]
[EventType "swiss"]
[EventRounds "9"]
[EventCountry "IND"]
[SourceTitle "EXT 2014"]
[Source "ChessBase"]
[SourceDate "2013.11.20"]
[SourceVersion "1"]
[SourceVersionDate "2013.11.20"]
[SourceQuality "1"]

1. Nf3 Nf6 2. c4 g6 3. Nc3 Bg7 4. d4 d6 5. h3 0-0 6. Bf4 Nbd7 7. e3 c6 8. Be2 Qb6 9. a3 Re8 10. b4 e5 11. Bh2 c5 12. 0-0 cxd4 13. exd4 exd4 14. Na4 Qd8 15. Nxd4 Ne4 16. Rc1 a6 17. Bf3 Nb6 18. Nxb6 Qxb6 19. Bxe4 Rxe4 20. Nb3 Re6 21. Rc2 Bd7 22. c5 Qd8 23. cxd6 Ba4 24. Rc7 Be5 25. Bxe5 Rxe5 26. Qd3 Qf6 27. d7 Rd8 28. Qd4 Kg7 29. Nc5 Bb5 30. Rc8 Rxc5 31. Qxf6+ Kxf6 32. Rxd8 Rd5 33. Rc1 Rxd7 34. Rxd7 Bxd7 35. Rc7 Bc6 36. f3 Bd5 37. Kf2 Ke5 38. Ke3 h5 39. Rc8 Be6 40. Re8 Kd5 41. Re7 Kc4 42. Rxb7 Kb3 43. b5 axb5 44. Rxb5+ Kxa3 45. Rb8 Bb3 46. Kd4 Kb2 47. Ke5 Kc3 48. g4 hxg4 49. fxg4 Be6 50. Rd8 Kc4 51. Rd6 g5 52. Rxe6 fxe6 53. Kxe6 Kc5 54. Kf5 Kd5 55. Kxg5 Ke5 56. Kh6 Kf6 57. g5+ Kf7 58. Kh7 1-0